000 00769nam a2200241 i 4500
003 DO-SdBNP
005 20251104100711.0
007 ta
008 250225b2008 dr c|||| |||| 00| 0 spa d
040 _aDO-SdBNP
_bspa
_cBNPHU
_erda
041 _aspa
082 4 _axxx
_bR426e
_222
110 1 _aRepública Dominicana.
_bDirección de Información, Prensa y Publicidad de la Presidencia
_953773
245 1 0 _aEstrategia integral de comunicación gubernamental 2008-2012
264 4 _aSanto Domingo :
_bEditora Imagraf,
_c2008.
300 _a92 páginas :
_bretratos ;
_c21 cm.
336 _atexto
_btxt
_2rdacontent
337 _asin mediación
_bn
_2rdamedia
338 _avolumen
_bnc
_2rdacarrier
590 _aInventariado, 2025/BT
910 _aBT
942 _2ddc
_cLBS1
999 _c58217
_d58217